Soan, the Palaeolithic of Pakistan / (Record no. 23521)

MARC details
000 -LEADER
fixed length control field 01028cam a22003011 4500
001 - CONTROL NUMBER
control field 10340864
003 - CONTROL NUMBER IDENTIFIER
control field BDDh-ASL
005 - DATE AND TIME OF LATEST TRANSACTION
control field 20231015030243.0
008 - FIXED-LENGTH DATA ELEMENTS--GENERAL INFORMATION
fixed length control field 740610s1962 pk ab b f000 0 eng
010 ## - LIBRARY OF CONGRESS CONTROL NUMBER
LC control number sa 66000102
035 ## - SYSTEM CONTROL NUMBER
System control number (OCoLC)912244
040 ## - CATALOGING SOURCE
Original cataloging agency DLC
Transcribing agency OClW
Modifying agency NSyU
-- DLC
-- BDDh-ASL
042 ## - AUTHENTICATION CODE
Authentication code premarc
050 00 - LIBRARY OF CONGRESS CALL NUMBER
Classification number GN776.P14
Item number P3
082 ## - DEWEY DECIMAL CLASSIFICATION NUMBER
Classification number 930.1
Item number PAS
100 1# - MAIN ENTRY--PERSONAL NAME
Personal name Paterson, Thomas Thomson.
245 10 - TITLE STATEMENT
Title Soan, the Palaeolithic of Pakistan /
Statement of responsibility, etc. by T.T. Paterson & H.J.H. Drummond.
260 ## - PUBLICATION, DISTRIBUTION, ETC.
Place of publication, distribution, etc. [Karachi]
Name of publisher, distributor, etc. Dept. of Archaeology, Govt. of Pakistan,
Date of publication, distribution, etc. 1962.
300 ## - PHYSICAL DESCRIPTION
Extent 171 p. :
Other physical details illus., map.
Dimensions 26 cm.
490 1# - SERIES STATEMENT
Series statement Memoir of the Department of Archaeology in Pakistan,
Volume/sequential designation no. 2
504 ## - BIBLIOGRAPHY, ETC. NOTE
Bibliography, etc. note Bibliographical footnotes.
650 #0 - SUBJECT ADDED ENTRY--TOPICAL TERM
Topical term or geographic name entry element Stone age
Geographic subdivision Pakistan
-- Soān Valley.
651 #0 - SUBJECT ADDED ENTRY--GEOGRAPHIC NAME
Geographic name Soān Valley.
700 1# - ADDED ENTRY--PERSONAL NAME
Personal name Drummond, H. J. H.,
Relator term joint author.
810 1# - SERIES ADDED ENTRY--CORPORATE NAME
Corporate name or jurisdiction name as entry element Pakistan.
Subordinate unit Department of Archaeology.
Title of a work Memoirs ;
Volume/sequential designation no. 2.
906 ## - LOCAL DATA ELEMENT F, LDF (RLIN)
a 7
b cbc
c oclcrpl
d u
e ncip
f 19
g y-gencatlg
942 ## - ADDED ENTRY ELEMENTS (KOHA)
Source of classification or shelving scheme Dewey Decimal Classification
Koha item type Books
Holdings
Withdrawn status Lost status Source of classification or shelving scheme Damaged status Not for loan Collection code Home library Current library Shelving location Date acquired Source of acquisition Total Checkouts Full call number Barcode Date last seen Copy number Price effective from Koha item type Public note
    Dewey Decimal Classification     Non-fiction Asiatic Society Library Asiatic Society Library General Stacks 03/27/2021 ASB Library Collections   930.1 PAS 107983 03/27/2021 C-1 03/27/2021 Books RARE

Powered by Koha